000 00257 a2200109 4500
000 nam a22 7a 4500
005 20260206140901.0
100 _aRitchie, Dennis
_91114240
245 _aC Programming Language
260 _bPearson
_c2025
942 _cTEXL
999 _c1678813
_d1678813